[Event "Dundee & Angus Minor"]
[Site "Dundee"]
[Date "2015.10.10"]
[Round "3"]
[White "Dallas, Alastair"]
[Black "McMillan, Andrew"]
[Result "1-0"]
[WhiteElo "1129"]
[BlackElo "1022"]
[PlyCount "53"]
[EventDate "2015.10.09"]
[EventType "swiss"]
[EventRounds "5"]
[EventCountry "SCO"]
[SourceTitle "EXT 2023"]
[Source "ChessBase"]
[SourceDate "2022.10.05"]
[SourceVersion "1"]
[SourceVersionDate "2022.10.05"]
[SourceQuality "1"]

1. e4 e5 2. Nc3 Nf6 3. Nf3 Nc6 4. Bc4 Nxe4 5. d3 Nf6 6. 0-0 Bc5 7. Ne4 Nxe4 8. dxe4 d6 9. Ng5 0-0 10. Qh5 h6 11. Nxf7 Rxf7 12. Qxf7+ Kh7 13. Be2 Qh4 14. Bh5 Qxe4 15. c3 Be6 16. Qxe6 Rf8 17. Bf3 Qh4 18. Be3 Rf6 19. Qd5 Bxe3 20. Qd3+ Kh8 21. Qxe3 Rg6 22. Qe4 Qg5 23. h4 Qf6 24. Bh5 Rxg2+ 25. Kxg2 Ne7 26. Qf3 Nf5 27. Rh1 1-0

[Event "Dundee & Angus Minor"]
[Site "Dundee"]
[Date "2015.10.10"]
[Round "2"]
[White "Shemilt, James Douglas"]
[Black "Dallas, Alastair"]
[Result "1-0"]
[WhiteElo "865"]
[BlackElo "1129"]
[PlyCount "111"]
[EventDate "2015.10.09"]
[EventType "swiss"]
[EventRounds "5"]
[EventCountry "SCO"]
[SourceTitle "EXT 2023"]
[Source "ChessBase"]
[SourceDate "2022.10.05"]
[SourceVersion "1"]
[SourceVersionDate "2022.10.05"]
[SourceQuality "1"]

1. d4 e6 2. c4 d5 3. e3 Nf6 4. Nc3 Bb4 5. Bd2 Bxc3 6. Bxc3 Ne4 7. Bd3 Qh4 8. g3 Qf6 9. Bxe4 dxe4 10. Qg4 Qg6 11. Qf4 Na6 12. b4 Qf5 13. Qh4 g5 14. Qh3 g4 15. Qh4 Rg8 16. h3 Bd7 17. hxg4 Rxg4 18. Qxh7 0-0-0 19. Qxf5 exf5 20. b5 Nb8 21. d5 Rf8 22. a4 b6 23. a5 Rg6 24. axb6 axb6 25. Ra7 f6 26. Bb4 Rfg8 27. d6 c6 28. Rc7+ Kd8 29. bxc6 Bxc6 30. c5 Na6 31. Rxc6 Nxb4 32. Rxb6 Nd3+ 33. Kd2 Nxc5 34. Ne2 Kd7 35. Rc1 Ne6 36. Nd4 Nxd4 37. exd4 Rc8 38. Rb7+ Kd8 39. Rh1 Rg8 40. Rhh7 Ra8 41. Rhd7+ Ke8 42. Rdc7 Kd8 43. Rf7 Ra2+ 44. Kc3 Ra3+ 45. Kb4 Ra8 46. Ra7 Rb8+ 47. Rfb7 Rxb7+ 48. Rxb7 Rg6 49. Kc5 e3 50. Kc6 Ke8 51. d7+ Ke7 52. fxe3 Rxg3 53. Rb8 Rg2 54. d8Q+ Kf7 55. Rb7+ Kg6 56. Qe8+ 1-0

[Event "Dundee & Angus op Minor"]
[Site "Dundee"]
[Date "2014.10.11"]
[Round "3"]
[White "Dallas, Alastair"]
[Black "McLeod, Robert"]
[Result "1-0"]
[WhiteElo "1190"]
[BlackElo "1027"]
[PlyCount "45"]
[EventDate "2014.10.10"]
[EventType "swiss"]
[EventRounds "5"]
[EventCountry "SCO"]
[SourceTitle "EXT 2017"]
[Source "ChessBase"]
[SourceDate "2016.10.25"]
[SourceVersion "1"]
[SourceVersionDate "2016.10.25"]
[SourceQuality "1"]

1. e4 c5 2. c4 e6 3. Nc3 d6 4. Nf3 Nf6 5. d3 Nc6 6. Be2 Be7 7. Bf4 a6 8. 0-0 d5 9. e5 d4 10. exf6 dxc3 11. fxe7 Qxe7 12. b3 e5 13. Be3 Nd4 14. Rc1 Bg4 15. Rxc3 Nxe2+ 16. Qxe2 0-0 17. h3 Bxf3 18. Qxf3 b6 19. Qg3 g6 20. Bg5 f6 21. Bd2 e4 22. Re1 Rad8 23. Rxe4 1-0

[Event "Dundee & Angus op Minor"]
[Site "Dundee"]
[Date "2014.10.10"]
[Round "1"]
[White "Dallas, Alastair"]
[Black "Robinson, Jeffrey"]
[Result "1-0"]
[WhiteElo "1190"]
[BlackElo "929"]
[PlyCount "109"]
[EventDate "2014.10.10"]
[EventType "swiss"]
[EventRounds "5"]
[EventCountry "SCO"]
[SourceTitle "EXT 2017"]
[Source "ChessBase"]
[SourceDate "2016.10.25"]
[SourceVersion "1"]
[SourceVersionDate "2016.10.25"]
[SourceQuality "1"]

1. e4 a6 2. d4 e6 3. Nf3 c5 4. Be3 Nf6 5. Nc3 Qa5 6. Bd3 Qb4 7. dxc5 Qxb2 8. Bd4 Qb4 9. Rb1 Qa5 10. 0-0 Bxc5 11. Bxf6 gxf6 12. e5 Qxc3 13. exf6 Qxf6 14. Qe2 b5 15. Be4 Nc6 16. Rb3 Ra7 17. a3 Bb7 18. Qd3 Qg7 19. Rd1 Bc8 20. Bxc6 Rg8 21. Nh4 Be7 22. Be4 Bxh4 23. Rc3 f5 24. Rxc8+ Ke7 25. Rxg8 Qxg8 26. Bxf5 exf5 27. Qe3+ Qe6 28. Qxa7 Kf6 29. Qd4+ Kg5 30. g3 Bxg3 31. hxg3 h5 32. Qf4+ Kg6 33. Rd6 Kf7 34. Rxe6 dxe6 35. Qh6 a5 36. Qxh5+ Kf6 37. Qh8+ Kg5 38. Qe5 b4 39. a4 Kg4 40. Qxe6 Kg5 41. Kg2 b3 42. cxb3 f4 43. Qe5+ Kg4 44. Qxf4+ Kh5 45. g4+ Kh4 46. g5+ Kh5 47. Kh3 Kg6 48. Qf6+ Kh7 49. f4 Kg8 50. Kh4 Kh7 51. Kh5 Kg8 52. f5 Kh7 53. g6+ Kg8 54. Qf7+ Kh8 55. Qh7# 1-0